000 00931nmc a2200325 a 4500
003 AR-BaBNM
005 20251128203528.0
008 267019s1956 ||||||||||||||000 | spa||
040 _cAR-BaBNM
100 1 _aArcken Ospina, Valentín van
245 1 0 _aCompendio de sociología general 1954
_n1
260 _aBogotá
_bEmpresa Nacional de Publicaciones
_c1956
300 0 _a173 p.
490 0 _aDivulgaciones de la Universidad Pedagógica de Colombia
600 1 4 _aRosseau, Jean Jacques
600 1 4 _aDurkheim, Emile
_d1858-1917
600 1 4 _aTarde, Gabriel
_d1843-1904
600 1 4 _aLe Play, Frederic
650 4 _aSOCIOLOGIA
650 4 _aPROBLEMAS SOCIALES
650 4 _aRESPONSABILIDAD DEL ESTADO
650 4 _aPSICOLOGIA SOCIAL
650 4 _aSOCIEDAD
650 4 _aIGLESIA Y EDUCACION
650 4 _aCOEDUCACION
650 4 _aESTADO Y EDUCACION
653 0 _aENCICLICAS
942 _cBK
998 _cSILVI
999 _c3804
_d3804